Guía de campo. Plagas de cítricos y sus enemigos naturales

Saved in:
Bibliografiske detaljer
Hovedforfatter: Garcia Marí, Ferrán (autor)
Format: Bog
Sprog:spansk
Udgivet: Valencia, España Phyntoma 2009
Fag:
Tags: Tilføj Tag
Ingen Tags, Vær først til at tagge denne postø!

MARC

LEADER 00000nam a2200000 a 4500
001 UCG5938
003 CL-VaPUC
005 20250108111649.0
008 110324e20090000SP |||||||||||||||||spa|d
999 |c 344262  |d 344260 
020 |a 9788493524746 
040 |c Pontificia Universidad Católica de Valparaíso 
082 0 4 |a 632.7 GAR 2009  |2 21 
100 0 |a Garcia Marí, Ferrán  |e autor  |9 555865 
245 1 0 |a Guía de campo. Plagas de cítricos y sus enemigos naturales 
260 0 3 |a Valencia, España  |b Phyntoma  |c 2009 
300 |a 176 páginas 
583 |a last modification  |c 20141212 02:29:19  |k Rodrigo Vera 
650 7 |a PLAGAS  |2 CL-VaPUC  |9 264624 
650 0 |a Acarina  |9 264632 
650 0 |a Áfidos  |9 438468 
650 0 |a Artrópodos  |9 269503 
650 0 |a Babosas  |9 444202 
650 7 |a CARACOLES  |2 CL-VaPUC  |9 331690 
650 0 |a Cítricos  |9 393380 
650 7 |a MOSCAS BLANCAS  |2 CL-VaPUC  |9 444207 
942 |c BK  |2 ddc 
945 |d 20110324 00:00:00  |a jcampos 
952 |0 0  |1 0  |2 ddc  |4 0  |6 632_700000000000000_GAR_2009  |7 0  |8 A  |9 442135  |a BIBAGR  |b BIBAGR  |d 2019-11-22  |i 4759648  |l 1  |o 632.7 GAR 2009  |p 4759648  |r 2025-04-03  |s 2025-03-27  |t 1  |w 2019-11-22  |y BK  |k AGR